LEADER 01447nas a2200229 i 4500 001 000000022613 003 CaOOAMICUS 005 20180830125445.0 008 180830s1975 sz u0 und u 022 $a0170-9240 040 $aSeMil$bita 245 10$aStudien zur interkulturellen Geschichte des Christentums =$bStudies in the intercultural history of christianity = Etudes d'histoire interculturelle du christianisme /$cbegründet von Walter J. Hollenweger unh Hans Jochen Margull ; hrsg. von Richard Friedli ... [et al.]. 246 01$aStudies in the intercultural history of christianity = Etudes d'histoire interculturelle du christianisme 260 $aBern [etc.] :$bPeter Lang,$c1975. 300 $av. ;$c21 cm. 700 1 $aHollenweger, Walter J. <1927-2016>.$0(OLS)http://semarc/name/90092 700 1 $aFriedli, Richard <1937->.$0(OLS)http://semarc/name/10139 700 1 $aMargull, Hans Jochen.$0(OLS)http://semarc/name/10138 996 $6022$a0170-9240$9(OLS)http://semarc/number/1222 996 $6245$aStudien zur interkulturellen Geschichte des Christentums =$bStudies in the intercultural history of christianity = Etudes d'histoire interculturelle du christianisme$9(OLS)http://semarc/title/30269 996 $6246$aStudies in the intercultural history of christianity = Etudes d'histoire interculturelle du christianisme$9(OLS)http://semarc/title/30270 996 $6260$aBern [etc.] :$bPeter Lang$9(OLS)http://semarc/publisher/33531 LEADER 01112nam a2200253 i 4500 001 000000126713 003 CaOOAMICUS 005 20060131000000.0 008 060131s1987 it u000 u ita u 013 $a99421 020 $a88-350-7965-9 040 $aSeMil$bita 245 12$aL'insegnamento della religione cattolica nella scuola secondaria superiore :$b[25. Convegno Schole]. 260 $aBrescia :$bLa Scuola,$ccopyr. 1987. 300 $a236 p. ;$c21 cm. 500 $aAtti del convegno tenuto a Brescia nel 1986. - Fondo Card. C.M. Martini. 650 4$aReligione - Insegnamento - Scuole medie superiori.$0(OLS)http://semarc/subject/24788 850 $aSeMil 852 $aSeMil$W1$xVenegono$y1$m2Q I 9$j81068$B81068$CSeMilBibl$Z2$F108480 $81 941 1 $a4 961 $aOmaggio: Martini Card. Carlo Maria 996 $6020$a88-350-7965-9$9(OLS)http://semarc/number/112951 996 $6245$aL'insegnamento della religione cattolica nella scuola secondaria superiore :$b[25. Convegno Schole]$9(OLS)http://semarc/title/186894 996 $6260$aBrescia :$bLa Scuola$9(OLS)http://semarc/publisher/29831